Loading...
| Current Events | 3 | 16.67 | 100% | 67% | 0% |
| Fine Arts - Classical Music | 7 | 18.57 | 86% | 86% | 14% |
| Fine Arts - Other Fine Arts | 6 | 10.00 | 83% | 17% | 0% |
| Geography | 3 | 20.00 | 100% | 67% | 33% |
| History - American History | 8 | 17.50 | 100% | 50% | 25% |
| History - European History | 9 | 17.78 | 89% | 67% | 22% |
| History - Other History | 7 | 24.29 | 100% | 71% | 71% |
| History - World History | 4 | 17.50 | 100% | 50% | 25% |
| Literature - American Literature | 8 | 22.50 | 100% | 88% | 38% |
| Literature - British Literature | 7 | 20.00 | 86% | 71% | 43% |
| Literature - European Literature | 5 | 26.00 | 100% | 80% | 80% |
| Literature - World Literature | 9 | 24.44 | 100% | 89% | 56% |
| Mythology | 11 | 24.55 | 91% | 91% | 64% |
| Painting/Sculpture | 8 | 16.25 | 100% | 63% | 0% |
| Philosophy | 4 | 15.00 | 100% | 50% | 0% |
| Pop Culture | 4 | 25.00 | 100% | 100% | 50% |
| Religion | 5 | 22.00 | 100% | 80% | 40% |
| Science - Biology | 8 | 21.25 | 100% | 75% | 38% |
| Science - Chemistry | 8 | 23.75 | 100% | 100% | 38% |
| Science - Other Science | 7 | 22.86 | 100% | 71% | 57% |
| Science - Physics | 7 | 24.29 | 100% | 71% | 71% |
| Social Science | 5 | 24.00 | 100% | 100% | 40% |